000 00525nam a2200193 a 4500
001 1769935627217
003 YourLibrary
005 20260201143127.0
008 260201s1989##################000#0#eng##
020 _a9780333464427
082 0 4 _a332.494
_bGRA
100 1 _aGrauwe, P. de,
_eauthor.
245 1 0 _aThe ECU and European Monetary Integration :
260 _bPalgrave Macmillan,
_c1989.
300 _a256 pages
650 0 _aBusiness & Economics.
942 _cENGLISH
040 _aYourLibrary
_beng
_cYourLibrary
999 _c609653
_d609653